[Event "36. Copenhagen Open (Politiken Cup)"]
[Site "Elsinore"]
[Date "2014.07.25"]
[Round "6"]
[White "Fossan, Andreas"]
[Black "Thomsen, Kurt"]
[Result "1-0"]
[WhiteElo "1712"]
[BlackElo "1940"]
[PlyCount "51"]
[EventDate "2014.07.21"]
[EventType "swiss"]
[EventRounds "10"]
[EventCountry "DEN"]
[Source "ChessBase"]
[SourceDate "2014.08.29"]

1. d4 Nf6 2. c4 g6 3. f3 d5 4. cxd5 Nxd5 5. e4 Nb6 6. Nc3 Bg7 7. Be3 O-O 8. Qd2
Nc6 9. O-O-O e5 10. d5 Na5 11. b3 Qe7 12. Kb1 Nxb3 13. axb3 a5 14. Bxb6 cxb6
15. d6 Qd7 16. Bb5 Qe6 17. d7 Bxd7 18. Bxd7 Qxb3+ 19. Qb2 Qc4 20. Nge2 a4 21.
Bb5 Qc5 22. Nxa4 Qf2 23. Nec3 Qh4 24. Rd3 Ra5 25. Rhd1 Rfa8 26. Rd7 1-0

[Event "36. Copenhagen Open (Politiken Cup)"]
[Site "Elsinore"]
[Date "2014.07.25"]
[Round "6"]
[White "Fossan, Benjamin"]
[Black "Christenson, Bjorn Aa"]
[Result "0-1"]
[WhiteElo "1676"]
[BlackElo "1931"]
[PlyCount "130"]
[EventDate "2014.07.21"]
[EventType "swiss"]
[EventRounds "10"]
[EventCountry "DEN"]
[Source "ChessBase"]
[SourceDate "2014.08.29"]

1. e4 c5 2. Nf3 a6 3. d4 cxd4 4. Nxd4 Nf6 5. Nc3 e5 6. Nf3 Nc6 7. a3 d6 8. h3
Be7 9. Bc4 b5 10. Ba2 Bb7 11. O-O Rc8 12. Re1 O-O 13. Nd5 Nxd5 14. Bxd5 Qc7 15.
Bg5 Na5 16. Bxe7 Qxe7 17. Bxb7 Nxb7 18. Qd2 Qc7 19. Rac1 Rfd8 20. Red1 Qc6 21.
Qd5 h6 22. c3 Qxd5 23. Rxd5 Nc5 24. Rcd1 Nb7 25. Nh4 g6 26. g3 Rc4 27. f3 Kf8
28. Kf2 Ke7 29. Ke3 Nc5 30. R1d2 a5 31. g4 b4 32. axb4 axb4 33. cxb4 Rxb4 34.
Rc2 Rb3+ 35. Ke2 Ne6 36. Kf2 Nf4 37. Kg3 Nxd5 38. exd5 Rd3 39. b4 Rxd5 40. Ng2
Rb5 41. Ne3 Ke6 42. Rb2 d5 43. Nc2 Rdb8 44. f4 f6 45. Kf3 Rc8 46. Ke2 Rc3 47.
Ne3 d4 48. f5+ gxf5 49. gxf5+ Ke7 50. Ng4 Rxh3 51. Ra2 Rxb4 52. Ra7+ Kd6 53.
Nf2 Rb2+ 54. Kf1 Rf3 55. Ra6+ Kc5 56. Ra8 Rfxf2+ 57. Kg1 Rfd2 58. Ra1 e4 59.
Re1 e3 60. Kf1 Kd5 61. Kg1 e2 62. Kf2 d3 63. Ke3 Rd1 64. Kf2 Rxe1 65. Kxe1 Rb1+
0-1

[Event "36. Copenhagen Open (Politiken Cup)"]
[Site "Elsinore"]
[Date "2014.07.25"]
[Round "6"]
[White "Fossan, Petter"]
[Black "Fries Nielsen, Jens Ove"]
[Result "1/2-1/2"]
[WhiteElo "2257"]
[BlackElo "2398"]
[PlyCount "134"]
[EventDate "2014.07.21"]
[EventType "swiss"]
[EventRounds "10"]
[EventCountry "DEN"]
[Source "ChessBase"]
[SourceDate "2014.08.29"]

1. e4 d6 2. d4 e6 3. Nc3 a6 4. Bd3 Nc6 5. Nf3 Nf6 6. O-O h6 7. a3 e5 8. d5 Ne7
9. Ne2 g6 10. Ng3 Bg7 11. h3 O-O 12. Nh2 Nd7 13. c4 a5 14. Bc2 Nb6 15. Qd3 Qe8
16. b3 f5 17. f3 Nd7 18. Ne2 f4 19. Bb2 g5 20. b4 h5 21. Nc3 Ng6 22. Nb5 Qd8
23. c5 Nf6 24. Bd1 axb4 25. axb4 Rxa1 26. Bxa1 Nh4 27. Bc3 Rf7 28. Be1 Bf8 29.
c6 Rg7 30. Na7 bxc6 31. Nxc8 cxd5 32. Na7 Qa8 33. Nb5 dxe4 34. fxe4 Qxe4 35.
Bb3+ Kh8 36. Qxe4 Nxe4 37. Nc3 Nxc3 38. Bxc3 Kh7 39. Ra1 g4 40. hxg4 hxg4 41.
Ra8 Be7 42. Bd1 g3 43. Nf3 Nxf3+ 44. Bxf3 Kg6 45. Be4+ Kg5 46. Kf1 Bf6 47. Ke2
Rd7 48. Rg8+ Bg7 49. Bc6 Re7 50. Kd3 Kf5 51. Be4+ Ke6 52. Kc4 c6 53. Bxc6 Rc7
54. Kb5 d5 55. Be1 e4 56. Kb6 Rf7 57. Re8+ Re7 58. Bxd5+ Kxd5 59. Rxe7 Bd4+ 60.
Ka6 Bf2 61. b5 f3 62. gxf3 exf3 63. b6 Bxe1 64. Rxe1 f2 65. Rd1+ Ke4 66. b7 g2
67. b8=Q f1=Q+ 1/2-1/2

[Event "36. Copenhagen Open (Politiken Cup)"]
[Site "Elsinore"]
[Date "2014.07.25"]
[Round "6"]
[White "Franzen, Per Erik"]
[Black "Lindblom, Roar"]
[Result "1-0"]
[WhiteElo "2050"]
[BlackElo "1865"]
[PlyCount "49"]
[EventDate "2014.07.21"]
[EventType "swiss"]
[EventRounds "10"]
[EventCountry "DEN"]
[Source "ChessBase"]
[SourceDate "2014.08.29"]

1. d4 d5 2. Nf3 Nf6 3. c4 c6 4. Qc2 g6 5. e3 Bf5 6. Bd3 Bxd3 7. Qxd3 Bg7 8. O-O
Nbd7 9. cxd5 cxd5 10. Nc3 O-O 11. Bd2 e6 12. Rfc1 a6 13. Rc2 Rc8 14. Rac1 b5
15. Nxd5 Rxc2 16. Nxf6+ Nxf6 17. Qxc2 Qd5 18. b3 Ne4 19. Qc6 Ra8 20. Qxd5 exd5
21. Ba5 Kf8 22. Kf1 Ra7 23. Ke2 Ke8 24. Ne1 Bf8 25. Rc8+ 1-0

[Event "36. Copenhagen Open (Politiken Cup)"]
[Site "Elsinore"]
[Date "2014.07.25"]
[Round "6"]
[White "Frederiksen Kristian, Pade"]
[Black "Grebstad, Kjell Borre"]
[Result "1/2-1/2"]
[WhiteElo "1828"]
[BlackElo "1994"]
[PlyCount "62"]
[EventDate "2014.07.21"]
[EventType "swiss"]
[EventRounds "10"]
[EventCountry "DEN"]
[Source "ChessBase"]
[SourceDate "2014.08.29"]

1. d4 Nf6 2. c4 e6 3. g3 d5 4. Bg2 Bb4+ 5. Bd2 Be7 6. Nf3 O-O 7. O-O b6 8. Ne5
Bb7 9. Nc3 c6 10. Qa4 a6 11. Bg5 b5 12. cxb5 cxb5 13. Qc2 Nbd7 14. Nd3 Qb6 15.
e3 a5 16. Rfc1 Rfc8 17. Qd2 h6 18. Bxf6 Nxf6 19. f3 Bc6 20. Rc2 Rc7 21. Rac1
Rac8 22. Nd1 Bb7 23. N1f2 b4 24. Bf1 Ba6 25. Ne5 Bxf1 26. Kxf1 a4 27. b3 axb3
28. axb3 Qa5 29. Kg2 g5 30. g4 Bd6 31. Ned3 Kg7 1/2-1/2

[Event "36. Copenhagen Open (Politiken Cup)"]
[Site "Elsinore"]
[Date "2014.07.25"]
[Round "6"]
[White "Fricano, Paul Royal"]
[Black "Hendrickson, Nolan"]
[Result "0-1"]
[WhiteElo "2013"]
[BlackElo "2168"]
[PlyCount "54"]
[EventDate "2014.07.21"]
[EventType "swiss"]
[EventRounds "10"]
[EventCountry "DEN"]
[Source "ChessBase"]
[SourceDate "2014.08.29"]

1. d4 Nf6 2. c4 g6 3. Nc3 Bg7 4. e4 O-O 5. f4 d6 6. Be2 c5 7. d5 e6 8. Nf3 exd5
9. cxd5 Re8 10. e5 dxe5 11. fxe5 Ng4 12. e6 fxe6 13. Bg5 Qb6 14. Qd2 c4 15.
O-O-O exd5 16. Nxd5 Qc5 17. Ne7+ Kh8 18. Qd6 Nd7 19. Qxc5 Nxc5 20. Bxc4 Be6 21.
Bxe6 Nxe6 22. Rd7 Nxg5 23. Nxg5 Ne5 24. Re1 Bf6 25. Rxe5 Bxe5 26. Nf7+ Kg7 27.
Nxe5 Kf6 0-1

[Event "36. Copenhagen Open (Politiken Cup)"]
[Site "Elsinore"]
[Date "2014.07.25"]
[Round "6"]
[White "Gajic, Mladen"]
[Black "Brouwer, Rein"]
[Result "1-0"]
[WhiteElo "2201"]
[BlackElo "2035"]
[PlyCount "133"]
[EventDate "2014.07.21"]
[EventType "swiss"]
[EventRounds "10"]
[EventCountry "DEN"]
[Source "ChessBase"]
[SourceDate "2014.08.29"]

1. d4 d5 2. Bg5 f6 3. Bh4 Nh6 4. e3 g6 5. c4 Nf5 6. Bg3 Nxg3 7. hxg3 c6 8. Nc3
e6 9. Bd3 f5 10. Qf3 Bg7 11. Nge2 Nd7 12. g4 fxg4 13. Qxg4 Nf6 14. Qg3 Bd7 15.
O-O-O Qe7 16. f3 O-O-O 17. Kb1 dxc4 18. Bxc4 Nd5 19. f4 Qb4 20. Bb3 b6 21. Rc1
Kb7 22. f5 g5 23. Nxd5 exd5 24. Qxg5 Qf8 25. g4 h6 26. Qf4 Bc8 27. Rcf1 Bf6 28.
Qg3 Qg7 29. Qf3 Rhe8 30. Nf4 Bg5 31. Bc2 Re7 32. Rh3 Rde8 33. Nxd5 cxd5 34. f6
Bxf6 35. Qxd5+ Kc7 36. Ba4 Bb7 37. Rc1+ Kb8 38. Qd6+ Ka8 39. Bxe8 Rxe8 40. Ka1
Rd8 41. Qe6 Bg5 42. Rc3 Bd5 43. Qf5 Qb7 44. Rh2 Be4 45. Qb5 Rf8 46. a4 a6 47.
Qe2 Bf3 48. Qf1 Re8 49. Rf2 Bxg4 50. Rf8 Rxf8 51. Qxf8+ Qb8 52. Qf7 Bc8 53. d5
Bb7 54. Qe6 Qd8 55. e4 Bd2 56. Rc2 Bf4 57. Qf5 Bg5 58. Qe5 Qd7 59. Qh8+ Ka7 60.
Qd4 a5 61. d6 Bc6 62. e5 Bd8 63. e6 Qxe6 64. Rxc6 Qe1+ 65. Ka2 Qe6+ 66. Qc4 Qe5
67. Rc7+ 1-0

[Event "36. Copenhagen Open (Politiken Cup)"]
[Site "Elsinore"]
[Date "2014.07.25"]
[Round "6"]
[White "Green, Per"]
[Black "Nielsen, Palle"]
[Result "1-0"]
[WhiteElo "1984"]
[BlackElo "1771"]
[PlyCount "75"]
[EventDate "2014.07.21"]
[EventType "swiss"]
[EventRounds "10"]
[EventCountry "DEN"]
[Source "ChessBase"]
[SourceDate "2014.08.29"]

1. Nf3 Nc6 2. d4 d5 3. c4 Nf6 4. cxd5 Nxd5 5. g3 Bf5 6. a3 e6 7. Bg2 Be7 8. O-O
Bf6 9. Re1 Bxb1 10. Rxb1 Nde7 11. e3 O-O 12. Qc2 a5 13. b3 Qd6 14. Bb2 Rfc8 15.
Red1 Nd8 16. e4 Qc6 17. Qd3 Ng6 18. h4 Qa6 19. Qe3 Be7 20. h5 Nf8 21. h6 g6 22.
d5 f6 23. e5 f5 24. Bf1 Qa7 25. Qxa7 Rxa7 26. d6 cxd6 27. exd6 Bxd6 28. Rxd6
Nf7 29. Rb6 Nd7 30. Rxe6 Nc5 31. Re3 Ne4 32. Bd4 Raa8 33. Bc4 Kf8 34. Bg7+ Ke7
35. Nd4 Nfd6 36. f3 Rxc4 37. bxc4 Nxc4 38. Re2 1-0

[Event "36. Copenhagen Open (Politiken Cup)"]
[Site "Elsinore"]
[Date "2014.07.25"]
[Round "6"]
[White "Greeuw, Sietske"]
[Black "Chevannes, Sabrina"]
[Result "0-1"]
[WhiteElo "1949"]
[BlackElo "2160"]
[PlyCount "94"]
[EventDate "2014.07.21"]
[EventType "swiss"]
[EventRounds "10"]
[EventCountry "DEN"]
[Source "ChessBase"]
[SourceDate "2014.08.29"]

1. e4 g6 2. d4 Bg7 3. Nc3 c6 4. Bc4 d6 5. Qf3 e6 6. Nge2 d5 7. exd5 cxd5 8.
Bb5+ Bd7 9. Bf4 a6 10. Bxd7+ Qxd7 11. O-O Ne7 12. Be5 Bxe5 13. dxe5 Nbc6 14.
Qf6 O-O 15. g4 Qc7 16. f4 Qb6+ 17. Kh1 Qxb2 18. Rac1 Qb4 19. h4 Nc8 20. Rb1 Qc5
21. h5 Qe7 22. Rxb7 Qxf6 23. exf6 gxh5 24. gxh5 Nd6 25. Rb6 Rac8 26. f5 d4 27.
Nxd4 Nxd4 28. Rxd6 Nxf5 29. Rd3 Rc4 30. Rfd1 Re8 31. Rh3 Kf8 32. Rd7 Rec8 33.
Rhd3 Ke8 34. Ne2 Rxc2 35. Rd2 R2c4 36. Kg2 Ne3+ 37. Kf3 Nd5 38. Rb7 Nxf6 39. h6
Nd5 40. Rd1 R8c7 41. Rb8+ Ke7 42. Rh8 Nf6 43. Rdd8 Rh4 44. Ra8 Rxh6 45. Rxa6
Rh3+ 46. Kg2 Rd3 47. Raa8 Rc2 0-1

[Event "36. Copenhagen Open (Politiken Cup)"]
[Site "Elsinore"]
[Date "2014.07.25"]
[Round "6"]
[White "Hagesaether, Arne"]
[Black "Bjorn, Lasse E"]
[Result "1-0"]
[WhiteElo "2145"]
[BlackElo "1910"]
[PlyCount "35"]
[EventDate "2014.07.21"]
[EventType "swiss"]
[EventRounds "10"]
[EventCountry "DEN"]
[Source "ChessBase"]
[SourceDate "2014.08.29"]

1. e4 e5 2. f4 exf4 3. Nf3 g5 4. Nc3 g4 5. Ne5 Qh4+ 6. g3 fxg3 7. Qxg4 g2+ 8.
Qxh4 gxh1=Q 9. Qh5 Be7 10. Qxf7+ Kd8 11. Qf4 Nc6 12. Nf7+ Ke8 13. Nxh8 Bf6 14.
Nd5 Nd4 15. Nxf6+ Nxf6 16. Qxf6 Qxe4+ 17. Kf2 Nxc2 18. Qf7+ 1-0

[Event "36. Copenhagen Open (Politiken Cup)"]
[Site "Elsinore"]
[Date "2014.07.25"]
[Round "6"]
[White "Hallerod, Ralph"]
[Black "Palm, Nikolaj"]
[Result "0-1"]
[WhiteElo "2126"]
[BlackElo "2332"]
[PlyCount "94"]
[EventDate "2014.07.21"]
[EventType "swiss"]
[EventRounds "10"]
[EventCountry "DEN"]
[Source "ChessBase"]
[SourceDate "2014.08.29"]

1. d4 d5 2. c4 e6 3. Nc3 c6 4. cxd5 exd5 5. Bf4 Nf6 6. e3 Be7 7. Bd3 O-O 8. h3
Re8 9. Qc2 Nbd7 10. Nf3 Nf8 11. O-O Ne6 12. Be5 g6 13. a3 Ng7 14. b4 a6 15.
Rfd1 Bf5 16. Bxf5 Nxf5 17. Na4 Nd6 18. Nc5 Qc8 19. Bxd6 Bxd6 20. a4 Qc7 21. Nd2
Rec8 22. Rab1 Kg7 23. Qd3 Qe7 24. Rdc1 h5 25. Qb3 Rc7 26. Rc2 Rac8 27. Rbc1 h4
28. Nd3 g5 29. Nf3 Kh6 30. Nde5 Bxe5 31. Nxe5 Kg7 32. b5 cxb5 33. Rxc7 Rxc7 34.
Rxc7 Qxc7 35. axb5 Qb6 36. Qc2 axb5 37. Qf5 b4 38. Qxg5+ Kf8 39. Qf5 b3 40. Nd3
Ke7 41. g4 hxg3 42. Qe5+ Qe6 43. Qc7+ Kf8 44. Qb8+ Ne8 45. Qxb7 Qxh3 46. Qxd5
b2 47. Qc5+ Kg8 0-1

[Event "36. Copenhagen Open (Politiken Cup)"]
[Site "Elsinore"]
[Date "2014.07.25"]
[Round "6"]
[White "Hansen, Anders1"]
[Black "Bremer, Erik"]
[Result "1-0"]
[WhiteElo "1735"]
[BlackElo "1498"]
[PlyCount "89"]
[EventDate "2014.07.21"]
[EventType "swiss"]
[EventRounds "10"]
[EventCountry "DEN"]
[Source "ChessBase"]
[SourceDate "2014.08.29"]

1. b3 e5 2. Bb2 d6 3. e3 Nf6 4. c4 g6 5. d3 Bg7 6. Nf3 O-O 7. Be2 Nc6 8. O-O
Qe7 9. Nc3 Rd8 10. Rb1 a5 11. Nb5 b6 12. Ne1 Ba6 13. Bf3 Qd7 14. Nc2 Rab8 15.
d4 e4 16. Be2 d5 17. cxd5 Nxd5 18. a4 Nce7 19. Nc3 Bxe2 20. Nxe2 Nc6 21. Ba3 b5
22. axb5 Rxb5 23. Bc5 Rdb8 24. Na3 R5b7 25. Qc2 Ncb4 26. Bxb4 Rxb4 27. Qxe4
Rxb3 28. Rxb3 Rxb3 29. Nc4 a4 30. Ra1 Rb4 31. Qc2 Qb5 32. Na3 Rb2 33. Nxb5 Rxc2
34. Kf1 Bf8 35. Rxa4 Rb2 36. Nbc3 Nxc3 37. Nxc3 Rb3 38. Rc4 Bb4 39. Nd5 Rb1+
40. Ke2 Rb2+ 41. Kf3 Bd6 42. h3 Rb7 43. Nf6+ Kg7 44. Ne4 Rb4 45. Nxd6 1-0

[Event "36. Copenhagen Open (Politiken Cup)"]
[Site "Elsinore"]
[Date "2014.07.25"]
[Round "6"]
[White "Hansen, Max"]
[Black "Dyrnes, Jussi"]
[Result "1/2-1/2"]
[WhiteElo "2009"]
[BlackElo "1834"]
[PlyCount "57"]
[EventDate "2014.07.21"]
[EventType "swiss"]
[EventRounds "10"]
[EventCountry "DEN"]
[Source "ChessBase"]
[SourceDate "2014.08.29"]

1. d4 Nf6 2. Nf3 e6 3. g3 d5 4. Bg2 Be7 5. O-O O-O 6. c4 Ne4 7. Qc2 Nc6 8. Rd1
Nb4 9. Qb3 dxc4 10. Qxc4 b5 11. Qb3 Bb7 12. Nc3 a5 13. a4 bxa4 14. Rxa4 Bc6 15.
Nxe4 Bxe4 16. Ne1 Bxg2 17. Kxg2 Qd7 18. e4 Rfd8 19. Be3 c5 20. Raa1 Qb7 21. f3
Qb5 22. Kf2 cxd4 23. Rxd4 Rxd4 24. Bxd4 Rc8 25. Rd1 h6 26. Rd2 Qc6 27. Kg2 Bg5
28. Be3 Bf6 29. Kf2 1/2-1/2

[Event "36. Copenhagen Open (Politiken Cup)"]
[Site "Elsinore"]
[Date "2014.07.25"]
[Round "6"]
[White "Hansen, Tommy"]
[Black "Nielsen, Morten"]
[Result "1/2-1/2"]
[WhiteElo "1797"]
[BlackElo "1970"]
[PlyCount "64"]
[EventDate "2014.07.21"]
[EventType "swiss"]
[EventRounds "10"]
[EventCountry "DEN"]
[Source "ChessBase"]
[SourceDate "2014.08.29"]

1. e4 Nf6 2. e5 Nd5 3. c4 Nb6 4. d4 d6 5. exd6 exd6 6. Nc3 Nc6 7. h3 Be7 8. Nf3
Bf5 9. Be3 Qd7 10. Be2 O-O 11. O-O d5 12. c5 Nc8 13. Bb5 f6 14. Rc1 a6 15. Ba4
Be6 16. Re1 N8a7 17. Bf4 Bf7 18. Rc2 b5 19. cxb6 cxb6 20. Rce2 b5 21. Bb3 Bd8
22. a3 Rc8 23. Qb1 Bb6 24. Bc2 g6 25. Be3 Rfe8 26. Bb3 Na5 27. Ba2 Nc4 28. Bxc4
bxc4 29. Qc2 Nb5 30. Qa4 Qc6 31. Qc2 Re6 32. a4 Nc7 1/2-1/2

[Event "36. Copenhagen Open (Politiken Cup)"]
[Site "Elsinore"]
[Date "2014.07.25"]
[Round "6"]
[White "Hansen, Verner"]
[Black "Neu, Alexandre"]
[Result "1-0"]
[WhiteElo "1888"]
[BlackElo "1760"]
[PlyCount "53"]
[EventDate "2014.07.21"]
[EventType "swiss"]
[EventRounds "10"]
[EventCountry "DEN"]
[Source "ChessBase"]
[SourceDate "2014.08.29"]

1. e4 c5 2. c3 d5 3. exd5 Qxd5 4. Nf3 g6 5. Bb5+ Nc6 6. O-O Bg7 7. d3 Nh6 8.
Bxh6 Bxh6 9. Re1 O-O 10. Nbd2 a6 11. Bc4 Qd8 12. Ne4 Na5 13. Nxc5 Nxc4 14. dxc4
Qb6 15. Nb3 Be6 16. c5 Qc7 17. Nfd4 Bc4 18. Qg4 Bg7 19. Qe4 e6 20. Qe3 Rac8 21.
Rad1 Rfe8 22. c6 Bxb3 23. cxb7 Rb8 24. Nxb3 Rxb7 25. Rd2 a5 26. Red1 Qc4 27.
Nxa5 1-0

[Event "36. Copenhagen Open (Politiken Cup)"]
[Site "Elsinore"]
[Date "2014.07.25"]
[Round "6"]
[White "Haug, Johannes"]
[Black "Roser, Kevin"]
[Result "1/2-1/2"]
[WhiteElo "2136"]
[BlackElo "2406"]
[PlyCount "120"]
[EventDate "2014.07.21"]
[EventType "swiss"]
[EventRounds "10"]
[EventCountry "DEN"]
[Source "ChessBase"]
[SourceDate "2014.08.29"]

1. e4 c5 2. Nf3 Nc6 3. Bb5 e6 4. O-O Nge7 5. Re1 a6 6. Bf1 d5 7. exd5 Nxd5 8.
d4 Nf6 9. Be3 Be7 10. c4 O-O 11. Nc3 cxd4 12. Nxd4 Ne5 13. h3 Bd7 14. c5 Ng6
15. b4 Qc7 16. Qc2 Rfd8 17. Nb3 Nf4 18. a4 N4d5 19. Nxd5 Nxd5 20. Bd2 Rdc8 21.
Bc4 Nb6 22. cxb6 Qxc4 23. Qxc4 Rxc4 24. Na5 Rc2 25. Red1 Bf6 26. Ra3 Bd4 27.
Nxb7 Bxb6 28. a5 Ba7 29. Nc5 Bxc5 30. bxc5 Rxc5 31. Be3 Rd5 32. Rxd5 exd5 33.
Rc3 Bb5 34. Rc5 Bc4 35. Rc7 h5 36. Rd7 Rb8 37. Bb6 f6 38. Rd8+ Rxd8 39. Bxd8
Kf7 40. f4 Ke6 41. h4 Kf5 42. g3 Ke4 43. Kf2 Kd3 44. Bb6 Bb5 45. Ba7 Bd7 46.
Bb6 Bg4 47. Ba7 d4 48. Bb6 Kc3 49. Ke1 Kd3 50. Kf2 Kc4 51. Ba7 Kb4 52. Bb6 Kc4
53. Ba7 Kb5 54. Bb6 Kb4 55. Ke1 Be6 56. Kf2 d3 57. Ke1 Kc3 58. Be3 d2+ 59.
Bxd2+ Kd3 60. Bc1 Bc4 1/2-1/2

[Event "36. Copenhagen Open (Politiken Cup)"]
[Site "Elsinore"]
[Date "2014.07.25"]
[Round "6"]
[White "Helin, Mikael"]
[Black "Hvenekilde, Jorgen"]
[Result "0-1"]
[WhiteElo "1885"]
[BlackElo "2122"]
[PlyCount "49"]
[EventDate "2014.07.21"]
[EventType "swiss"]
[EventRounds "10"]
[EventCountry "DEN"]
[Source "ChessBase"]
[SourceDate "2014.08.29"]

1. e4 e5 2. Nc3 Nc6 3. Bc4 Nf6 4. f4 d6 5. Nf3 Be7 6. O-O O-O 7. d3 Na5 8. b3
c6 9. a4 a6 10. fxe5 dxe5 11. d4 Nxc4 12. bxc4 exd4 13. Ne2 Nxe4 14. Nfxd4 Bf6
15. Qd3 Re8 16. c5 Bg4 17. Rxf6 Qxf6 18. Bb2 Qf2+ 19. Kh1 Rad8 20. Qc4 Bxe2 21.
Nxe2 Qxc5 22. Qxc5 Nxc5 23. Nd4 Re4 24. Nf5 f6 25. h4 0-1

[Event "36. Copenhagen Open (Politiken Cup)"]
[Site "Elsinore"]
[Date "2014.07.25"]
[Round "6"]
[White "Henningsen, Lasse"]
[Black "Laustsen, Lars"]
[Result "1/2-1/2"]
[WhiteElo "1830"]
[BlackElo "2115"]
[PlyCount "107"]
[EventDate "2014.07.21"]
[EventType "swiss"]
[EventRounds "10"]
[EventCountry "DEN"]
[Source "ChessBase"]
[SourceDate "2014.08.29"]

1. e4 c5 2. c3 Nf6 3. e5 Nd5 4. Nf3 Nc6 5. d4 cxd4 6. cxd4 d6 7. a3 Bg4 8. Bc4
dxe5 9. dxe5 Bxf3 10. Qxf3 e6 11. Bxd5 Nxe5 12. Qe4 Qxd5 13. Qxd5 exd5 14. O-O
O-O-O 15. Rd1 d4 16. b4 Bd6 17. Nd2 Rhe8 18. Nb3 Nc4 19. Bg5 f6 20. Bh4 Re4 21.
Bg3 Bxg3 22. hxg3 d3 23. Nc5 Re2 24. Nxd3 Rc2 25. Rdc1 Nxa3 26. Rxa3 Rxc1+ 27.
Nxc1 Rd1+ 28. Kh2 Rxc1 29. Rxa7 Kb8 30. Ra2 Rb1 31. Re2 Rxb4 32. Re7 Rg4 33.
Kg1 b5 34. f4 Rxg3 35. Kf2 Rg4 36. Kf3 h5 37. g3 g5 38. Rf7 gxf4 39. gxf4 Rg6
40. Rh7 h4 41. Ke4 Rg8 42. Rxh4 Kc7 43. Kf5 Rf8 44. Ke6 f5 45. Ke7 Rb8 46. Ke6
b4 47. Kxf5 b3 48. Rh1 b2 49. Rb1 Rb4 50. Ke5 Kc6 51. f5 Kd7 52. Kd5 Rb5+ 53.
Kc4 Rxf5 54. Rxb2 1/2-1/2

[Event "36. Copenhagen Open (Politiken Cup)"]
[Site "Elsinore"]
[Date "2014.07.25"]
[Round "6"]
[White "Hinrichs, Jan"]
[Black "Nielsen, Lars Aaes"]
[Result "1-0"]
[WhiteElo "2124"]
[BlackElo "2257"]
[PlyCount "81"]
[EventDate "2014.07.21"]
[EventType "swiss"]
[EventRounds "10"]
[EventCountry "DEN"]
[Source "ChessBase"]
[SourceDate "2014.08.29"]

1. d4 Nf6 2. c4 e5 3. dxe5 Ng4 4. Nf3 Nc6 5. e3 Bc5 6. a3 a5 7. Be2 O-O 8. O-O
Ncxe5 9. Nc3 Ra6 10. Nxe5 Nxe5 11. f4 Ng6 12. Ne4 Ba7 13. c5 Re6 14. Qd4 Qe7
15. Bd3 d5 16. cxd6 Rxd6 17. Qxa7 Rxd3 18. Nf2 Rd5 19. e4 Rh5 20. f5 b6 21.
fxg6 fxg6 22. Be3 Qe5 23. h3 Qg3 24. Ng4 Bxg4 25. Rxf8+ Kxf8 26. Rf1+ Rf5 27.
Bf4 Rxf4 28. Qb8+ Ke7 29. Qxc7+ Bd7 30. Qe5+ Be6 31. Qxf4 Qxf4 32. Rxf4 g5 33.
Rf1 Kd6 34. Rc1 h5 35. Kf2 a4 36. Ke3 g6 37. Kd4 h4 38. Rf1 Ke7 39. Ke5 g4 40.
hxg4 g5 41. Rf5 1-0

[Event "36. Copenhagen Open (Politiken Cup)"]
[Site "Elsinore"]
[Date "2014.07.25"]
[Round "6"]
[White "Hobber, Anders"]
[Black "Kaasen, Tor Fredrik"]
[Result "1-0"]
[WhiteElo "2315"]
[BlackElo "1676"]
[PlyCount "55"]
[EventDate "2014.07.21"]
[EventType "swiss"]
[EventRounds "10"]
[EventCountry "DEN"]
[Source "ChessBase"]
[SourceDate "2014.08.29"]

1. d4 Nf6 2. Nf3 d5 3. e3 g6 4. b4 Bg7 5. Bb2 O-O 6. Nbd2 Bf5 7. Be2 Nc6 8. a3
a6 9. O-O Nd7 10. c4 dxc4 11. Nxc4 Re8 12. Rc1 e5 13. d5 Na7 14. Qb3 b5 15. Na5
Nb6 16. Rfd1 Rb8 17. Rd2 g5 18. Ne1 Re7 19. Nd3 Bxd3 20. Bxd3 e4 21. Bb1 Bxb2
22. Qxb2 f5 23. Nc6 Nxc6 24. dxc6 Qe8 25. Ba2+ Nc4 26. Rxc4 bxc4 27. Bxc4+ Rf7
28. Rd7 1-0

[Event "36. Copenhagen Open (Politiken Cup)"]
[Site "Elsinore"]
[Date "2014.07.25"]
[Round "6"]
[White "Hoi, Carsten"]
[Black "Percivaldi, Martin"]
[Result "1-0"]
[WhiteElo "2401"]
[BlackElo "2170"]
[PlyCount "93"]
[EventDate "2014.07.21"]
[EventType "swiss"]
[EventRounds "10"]
[EventCountry "DEN"]
[Source "ChessBase"]
[SourceDate "2014.08.29"]

1. d4 d5 2. Nf3 Nf6 3. Bg5 c6 4. Nbd2 Bg4 5. e3 e6 6. Bd3 Nbd7 7. h3 Bh5 8. c4
Be7 9. O-O O-O 10. Qb3 b6 11. cxd5 Nxd5 12. Bxe7 Qxe7 13. Rac1 c5 14. Be4 cxd4
15. Bxd5 exd5 16. Nxd4 f6 17. Qxd5+ Bf7 18. Nc6 Qe8 19. Qd6 Ne5 20. Nxe5 Qxe5
21. Qxe5 fxe5 22. a3 Rfd8 23. Nf3 Rd5 24. Rfd1 Rb5 25. Rc7 Bd5 26. Rd2 Bxf3 27.
gxf3 a5 28. Rdd7 Rxb2 29. Rxg7+ Kh8 30. Rxh7+ Kg8 31. Rcg7+ Kf8 32. Rb7 Kg8 33.
a4 Rc8 34. Rhe7 Kf8 35. Kg2 Rcc2 36. Kg3 Rc5 37. h4 Rb1 38. Rf7+ Kg8 39. Rfd7
Rc8 40. Kg4 Rg1+ 41. Kf5 Rh1 42. Rg7+ Kh8 43. Rh7+ Kg8 44. Kxe5 Rc5+ 45. Kf4
Ra1 46. Rhd7 Rxa4+ 47. e4 1-0

[Event "36. Copenhagen Open (Politiken Cup)"]
[Site "Elsinore"]
[Date "2014.07.25"]
[Round "6"]
[White "Holmstrom, Johan Ravnborg"]
[Black "Hinrichs, Lars"]
[Result "1/2-1/2"]
[WhiteElo "1834"]
[BlackElo "2003"]
[PlyCount "68"]
[EventDate "2014.07.21"]
[EventType "swiss"]
[EventRounds "10"]
[EventCountry "DEN"]
[Source "ChessBase"]
[SourceDate "2014.08.29"]

1. e4 c5 2. c4 Nc6 3. Nc3 g6 4. g3 Bg7 5. Bg2 d6 6. d3 Bd7 7. Nge2 h5 8. h3 Nd4
9. O-O Rb8 10. a4 e6 11. Nxd4 Bxd4 12. Nb5 a6 13. Nxd6+ Ke7 14. e5 Bxe5 15. Ne4
Bd4 16. Be3 Bxe3 17. fxe3 Qc7 18. Qf3 f5 19. Nc3 Bc6 20. Qf2 Nf6 21. e4 Qe5 22.
exf5 gxf5 23. Rfe1 Qd4 24. Qxd4 cxd4 25. Ne2 Bxg2 26. Kxg2 Kf7 27. Nxd4 Rbd8
28. Nxe6 Rxd3 29. Nf4 Rb3 30. Ra3 Rxb2+ 31. Re2 Rxe2+ 32. Nxe2 Rc8 33. Rb3 Rc7
34. Nf4 h4 1/2-1/2

[Event "36. Copenhagen Open (Politiken Cup)"]
[Site "Elsinore"]
[Date "2014.07.25"]
[Round "6"]
[White "Hoti, Nimon"]
[Black "Christensen, Thomas2"]
[Result "1-0"]
[WhiteElo "1887"]
[BlackElo "2139"]
[PlyCount "63"]
[EventDate "2014.07.21"]
[EventType "swiss"]
[EventRounds "10"]
[EventCountry "DEN"]
[Source "ChessBase"]
[SourceDate "2014.08.29"]

1. Nf3 Nc6 2. c4 g6 3. g3 Bg7 4. Bg2 d6 5. O-O e5 6. d3 Nh6 7. Bg5 f6 8. Bxh6
Bxh6 9. Qa4 O-O 10. b4 f5 11. b5 Ne7 12. Nc3 g5 13. Rad1 Qe8 14. Nd2 Qh5 15. c5
Rf6 16. Rfe1 g4 17. cxd6 cxd6 18. Nf1 Be6 19. Bxb7 Raf8 20. Bg2 d5 21. d4 f4
22. dxe5 R6f7 23. f3 fxg3 24. hxg3 gxf3 25. exf3 Rxf3 26. Qc2 d4 27. Rxd4 Rxf1+
28. Bxf1 Rxf1+ 29. Kxf1 Qf3+ 30. Qf2 Qxc3 31. Rd8+ Kg7 32. Qf6# 1-0